00200nam a2200073Ia 4500008004100000100003600041245002600077260002300103201231s9999 xx 000 0 und d aDas, B. C. and Mukherjee, B. N. 0aDifferential Calculus aCalcuttabU N Dhar